000 00463nam a2200169 i 4500
001 90815
003 ES-MaACL
005 20230906180552.0
007 t|
008 050125q1913 fr ||||1| fre d
100 1 _aLecomte-Denis, Maurice.
_971105
245 1 0 _aComment on crée une mine /
_cMaurice Lecomte-Denis.
260 _aParís :
_bDunod & Pinad,
_c[1913?]
300 _aV, 224 p. ;
_c19 cm.
650 0 4 _aMinería.
_915054
852 _aES-MaACL
_jG-15818
999 _c90815
_d90815